000 03047cam a2200253 4500500
005 20260208001059.0
041 _afre
042 _adc
100 1 0 _aBlanc, Julien
_eauthor
700 1 0 _aRoué, Marie
_eauthor
245 0 0 _aLes Agneaux de Parcours
260 _c2005.
500 _a92
520 _aRésuméNous nous intéresserons ici au processus de qualification des « Agneaux de Parcours ». Cette filière, née sur le territoire et avec le concours du Parc national des Cévennes, vise à produire un agneau d’herbe tout en assurant une gestion écologique des parcours, souvent négligés par des élevages de bergerie plus productivistes. Les auteurs montrent que le choix d’une filière courte, axée principalement vers les touristes, donne aux bouchers un rôle central de médiateurs. Pourtant, l’inadéquation entre le calendrier des touristes et un calendrier de production qui dépend de la pousse de l’herbe pose un problème majeur. La production d’agneaux plus précoces pour satisfaire la clientèle touristique mettrait en danger l’ensemble du système de production, tandis que les démarches individuelles des éleveurs visant à écouler leur produit quand il est disponible, en particulier par la vente directe, pourraient compromettre la survie du collectif. Peut-on ajouter, à la tension entre produire et protéger, celle d’une commercialisation locale du produit ?
520 _aFree-range LambsThis article considers the quality labelling process of Free-range Lamb. This production-consumption network, originating on the territory and with the support of the Parc national des Cévennes, aims at producing a pasture-raised lamb while ensuring an ecological management of the rangelands that are generally neglected by more production-oriented livestock operations. The authors demonstrate that by opting for a short production schedule that targets tourists as the primary clients, it is the butchers that come to play a central role as mediators. However, the incompatibility of the tourist season with a production schedule that relies upon the greening of pastures, creates a major problem. Advancing lamb production to satisfy the tourist market could undermine the system of production, while the independent initiatives taken by herders to market their product when it comes available, particularly by selling directly to the public, could compromise the survival of the cooperative. It may be that requiring the product to be locally distributed asks too much from a system already strained by the tension between production and protection.
690 _adémarches de qualité
690 _agestion écologique
690 _aParc national des Cévennes
690 _aecological management
690 _aParc national des Cévennes
690 _aquality labels
786 0 _nNatures Sciences Sociétés | 13 | 4 | 2005-12-01 | p. 385-394 | 1240-1307
856 4 1 _uhttps://stm.cairn.info/revue-natures-sciences-societes-2005-4-page-385?lang=fr&redirect-ssocas=7080
999 _c1644314
_d1644314